Memòria del mapa de la vegetació de Sant Llorenç del Munt (Barcelona) / Josep Pintó Fusalba, Josep M. Panareda Clopés ; pròleg de J. Vilà-Valentí
Descripción Física:
163 p. : il., map. ; 22 cm + 1 map. pleg.
Colección:
Sèrie mapes / Aster ; 1
MARC
| LEADER | 00000nam a2200000Ia 4500 | ||
|---|---|---|---|
| 001 | 12584 | ||
| 008 | 160829s1995 xx 000 0 cat d | ||
| 080 | |a C-1-307 | ||
| 100 | |a Pintó i Fusalba, Josep |9 36954 | ||
| 245 | |a Memòria del mapa de la vegetació de Sant Llorenç del Munt (Barcelona) / Josep Pintó Fusalba, Josep M. Panareda Clopés ; pròleg de J. Vilà-Valentí | ||
| 260 | |a Terrassa : |b Aster, |c 1995 | ||
| 300 | |a 163 p. : |b il., map. ; |c 22 cm + 1 map. pleg. | ||
| 490 | |a Sèrie mapes / Aster ; 1 | ||
| 590 | |a Bibliografia | ||
| 650 | |a Vegetació |x Sant Llorenç del Munt |x Mapes |9 36955 | ||
| 700 | |a Panareda i Clopés, Josep M. |9 36956 | ||
| 700 | |a Vilà Valentí, J. |q (Joan), |d 1925-2020 |e autor del pròleg |9 1542 | ||
| 901 | |a Arxiu | ||
| 942 | |n 1 |2 udc | ||
| 952 | |0 0 |1 0 |4 0 |6 C1307 |7 1 |9 47585 |a Arxiu |b Arxiu |d 2016-12-01 |l 0 |o C-1-307 |p 12584 |r 2016-12-01 00:00:00 |w 2016-12-01 |y ARXIU | ||
| 999 | |c 51384 |d 51384 | ||